Crop biotechnology and sustainability : (Registro nro. 1916)

Detalles MARC
000 -CABECERA
Campo de control 00911cam a22002417a 4500
005 - FECHA Y HORA DE LA ULTIMA TRANSACCION
Campo de control 20160224093803.0
008 - ELEMENTOS DE LONGITUD FIJA—INFORMACION GENERAL
Campo de control 950523s1995 fr b i000 0 eng d
040 ## - FUENTE DE CATALOGACIÓN
Agencia catalogadora original NNF-L
Agencia transcriptora NNF-L
Agencia Modificadora DLC
-- CO-BoIAVH
041 0# - IDIOMA
Código de idioma para texto/pista de sonido o título separado Inglés
044 ## - PAÍS DE PUBLICACIÓN
País de publicación Francia
082 04 - NUMERO DE CLASIFICACION DECIMAL DEWEY
Número de clasificación 630.09861
Número del ítem S22c
100 1# - ASIENTO PRINCIPAL--NOMBRE PERSONAL
Nombre personal Sanint, Luis R.
9 (RLIN) 13742
245 00 - MENCION DE TITULO
Título Crop biotechnology and sustainability :
Parte restante del título a case study of Colombia /
Mención de responsabilidad Luis R. Sanint
260 ## - PUBLICACION, DISTRIBUCION, ETC. (PIE DE IMPRENTA)
Lugar de publicación, distribución, etc. París (Francia) :
Nombre del editor, distribuidor, etc. Organisation for Economic Co-operation and Development,
Fecha de publicación, distribución, etc. 1995.
300 ## - DESCRIPCION FISICA
Extensión 82 páginas ;
Dimensiones 30 x 21 cm.
490 0# - MENCION DE SERIE
Mención de serie OECD technical papers ;
Designación numérica/secuencial del volumen 104
504 ## - NOTA DE BIBLIOGRAFIA, ETC.
Nota de bibliografía Incluye referencias bibliográficas (páginas 73-77).
650 #6 - ASIENTO SECUNDARIO DE MATERIA - TERMINO TEMATICO
Término temático o nombre geográfico como elemento de entrada Biotecnología
Subdivisión geográfica Colombia.
9 (RLIN) 62482
650 #6 - ASIENTO SECUNDARIO DE MATERIA - TERMINO TEMATICO
Término temático o nombre geográfico como elemento de entrada Biotecnología
Subdivisión general Investigación
Subdivisión geográfica Colombia.
9 (RLIN) 62483
650 #6 - ASIENTO SECUNDARIO DE MATERIA - TERMINO TEMATICO
Término temático o nombre geográfico como elemento de entrada Cultivos
Subdivisión geográfica Colombia.
9 (RLIN) 62484
710 2# - ASIENTO SECUNDARIO - NOMBRE CORPORATIVO
Nombre corporativo o de jurisdicción como elemento de entrada Organisation for Economic Co-operation and Development.
9 (RLIN) 62469
942 ## - ELEMENTOS ADICIONALES (KOHA)
Sistema de clasificación Dewey Decimal Classification
Tipo de ítem Libro
Existencias
Withdrawn status Lost status Sistema de Clasificación Damaged status No para préstamo Colección Inventariado Ubicación Permanente Ubicación actual Fecha de adquisición Fuente de Valor Valor Total Checkouts Número topográfico Inventario / Código de Barras Date last seen Ejemplar Price effective from Forma de adquisición Tipo de material
    Dewey Decimal Classification     General Inventariado 2017 Bogotá Bogotá 25/01/2001 Instituto 39000.00   LB-630.09861 S22c 002391 04/12/2012 Ej. 1 04/12/2012   Libro